000
00251nam a2200097Ia 4500
008
190216s9999||||xx |||||||||||||| ||und||
100
_a
Null
245
0
_a
Hindi-Sarveshvarka Kavya Samvedana Aur Samprekshan
260
_b
Sandhy Pubs.Calicut
942
_c
BK
999
_c
18335
_d
18335